[Event "Prefeitura de São Paulo"]
[Site "Sao Paulo BRA"]
[Date "2006.11.18"]
[Round "10.6"]
[White "Rodriguez, Andres"]
[Black "Di Berardino, Diego"]
[Result "1-0"]
[WhiteElo "2496"]
[BlackElo "2370"]
[PlyCount "117"]
[EventDate "2006.15.11"]
[EventType "tourn"]
[EventRounds "11"]
[EventCountry "BRA"]
[EventCategory "10"]
[Source "lmi"]
[SourceDate "2006.11.11"]

1. f4 d5 2. Nf3 Nf6 3. g3 g6 4. Bg2 Bg7 5. O-O b6 6. d3 Bb7 7. Qe1 O-O 8. c3 c5
9. Na3 Nbd7 10. h3 Qc7 11. g4 a6 12. Qh4 e5 13. fxe5 Nxe5 14. Bh6 Nxf3+ 15.
Rxf3 Nd7 16. Rf2 Rae8 17. Raf1 Bxh6 18. Qxh6 f6 19. Nc2 Re7 20. e3 Qd6 21. d4
a5 22. Qf4 Qe6 23. dxc5 bxc5 24. Qc7 Qc6 25. Qxc6 Bxc6 26. c4 Re5 27. Na3 Ba8
28. Rc1 Nb6 29. cxd5 Bxd5 30. Bxd5+ Rxd5 31. b3 Kg7 32. e4 Re5 33. Rd2 Rxe4 34.
Rxc5 a4 35. Rc6 Nc8 36. Rc7+ Kh6 37. Rdd7 axb3 38. axb3 Nb6 39. Rxh7+ Kg5 40.
Rc6 Ra8 41. Nc2 Re2 42. Kf1 Rd2 43. Ne1 Rd7 44. Nf3+ Kf4 45. Rxf6+ Kg3 46. Rxd7
Nxd7 47. Rf7 Nc5 48. Ne5 Kxh3 49. b4 Ne4 50. Rf3+ Kh4 51. Rf4 Nc3 52. Rc4 Ra1+
53. Kg2 Ra2+ 54. Kf3 Nb1 55. Rc6 Rb2 56. Rb6 Nc3 57. Nxg6+ Kg5 58. Nf4 Na2 59.
Nh3+ 1-0

[Event "Prefeitura de São Paulo"]
[Site "Sao Paulo BRA"]
[Date "2006.11.19"]
[Round "11.1"]
[White "Di Berardino, Diego"]
[Black "Sunye, Jaime"]
[Result "0-1"]
[WhiteElo "2370"]
[BlackElo "2503"]
[PlyCount "116"]
[EventDate "2006.15.11"]
[EventType "tourn"]
[EventRounds "11"]
[EventCountry "BRA"]
[EventCategory "10"]
[Source "lmi"]
[SourceDate "2006.11.11"]

1. e4 c5 2. Nf3 e6 3. d4 cxd4 4. Nxd4 a6 5. Nc3 b5 6. Bd3 Bb7 7. O-O Qc7 8. Qe2
Nf6 9. e5 Nd5 10. Nxd5 Bxd5 11. a4 b4 12. Bf4 Qb7 13. Qg4 g6 14. Bg5 Bg7 15.
Rfe1 O-O 16. Re3 d6 17. exd6 Qb6 18. c3 bxc3 19. bxc3 Qxd6 20. Qh4 Rc8 21. Rh3
h5 22. Be7 Qc7 23. Bf6 Bxf6 24. Qxf6 Nd7 25. Qh4 Qd8 26. Qf4 Qf6 27. Qh6 Qg7
28. Qd2 Nc5 29. Bc2 Ne4 30. Bxe4 Bxe4 31. Re1 Bd5 32. Nf5 Qf6 33. Ne3 Qxc3 34.
Qxc3 Rxc3 35. Nxd5 Rxh3 36. Ne7+ Kf8 37. Nxg6+ Kg7 38. gxh3 Kxg6 39. Re5 Rd8
40. Ra5 Rd6 41. Kg2 f6 42. f4 Rd5 43. Rxa6 Kf5 44. Rb6 Rd2+ 45. Kg3 Rd3+ 46.
Kg2 Rd4 47. a5 Rxf4 48. a6 Ra4 49. Kf2 h4 50. Ke2 Ra2+ 51. Ke3 e5 52. Kd3 Rxh2
53. Kc4 Rxh3 54. Rb3 Rh1 55. Ra3 Rc1+ 56. Kd5 Rc8 57. a7 Ra8 58. Rf3+ Kg5 0-1

[Event "Prefeitura de São Paulo"]
[Site "Sao Paulo BRA"]
[Date "2006.11.19"]
[Round "11.2"]
[White "Bachmann, Axel"]
[Black "Rodriguez, Andres"]
[Result "1/2-1/2"]
[WhiteElo "2473"]
[BlackElo "2496"]
[PlyCount "141"]
[EventDate "2006.15.11"]
[EventType "tourn"]
[EventRounds "11"]
[EventCountry "BRA"]
[EventCategory "10"]
[Source "lmi"]
[SourceDate "2006.11.11"]

1. c4 d6 2. Nc3 g6 3. g3 Bg7 4. Bg2 e5 5. d3 f5 6. e3 Nf6 7. Nge2 O-O 8. O-O
Nc6 9. Rb1 Be6 10. Nd5 Bf7 11. Nec3 Nh5 12. Qb3 Rb8 13. Nb5 Na5 14. Qa3 c6 15.
Bd2 b6 16. Nxd6 cxd5 17. Nxf7 Rxf7 18. Bxd5 Nf6 19. Bxf7+ Kxf7 20. b4 Nc6 21.
b5 Ne7 22. Qxa7 Ra8 23. Qb7 Rb8 24. Qa7 Ra8 25. Qb7 Rb8 26. Qg2 Qxd3 27. Bb4
Qxc4 28. Bd6 Re8 29. Bxe5 Qxa2 30. Bxf6 Bxf6 31. Qb7 Qe6 32. Rbc1 Rd8 33. Rfd1
Rxd1+ 34. Rxd1 h5 35. h4 Be5 36. Rd8 Qc4 37. Qd7 Qc7 38. Qd3 Qc1+ 39. Kg2 Qc5
40. Qb3+ Kg7 41. Qe6 Bc7 42. Rd7 Kf8 43. Kg1 Ke8 44. Kg2 Bd8 45. Rd6 Qxb5 46.
Qf6 Qc4 47. Qh8+ Qg8 48. Qxg8+ Nxg8 49. Rxg6 Ne7 50. Rg5 b5 51. Kf3 b4 52. Ke2
b3 53. Kd3 Ba5 54. Rxh5 Be1 55. Rh8+ Kf7 56. Ke2 Bc3 57. Rb8 b2 58. Kd3 Nd5 59.
Rb3 Bf6 60. f3 Kg6 61. e4 fxe4+ 62. fxe4 Ne7 63. Rb6 Nc8 64. Rb8 Be5 65. Rb3
Kh5 66. Rb5 Kg4 67. Kc2 Bxg3 68. h5 Nd6 69. Rb6 Kxh5 70. Rxd6 Bxd6 71. Kxb2
1/2-1/2

[Event "Prefeitura de São Paulo"]
[Site "Sao Paulo BRA"]
[Date "2006.11.19"]
[Round "11.3"]
[White "Lima, Darcy"]
[Black "Milos, Gilberto"]
[Result "1/2-1/2"]
[WhiteElo "2466"]
[BlackElo "2563"]
[PlyCount "24"]
[EventDate "2006.15.11"]
[EventType "tourn"]
[EventRounds "11"]
[EventCountry "BRA"]
[EventCategory "10"]
[Source "lmi"]
[SourceDate "2006.11.11"]

1. d4 d5 2. c4 dxc4 3. Nf3 Nf6 4. e3 e6 5. Bxc4 c5 6. O-O a6 7. dxc5 Qxd1 8.
Rxd1 Bxc5 9. Nbd2 O-O 10. Be2 Rd8 11. Ne5 Nc6 12. Nxc6 bxc6 1/2-1/2

[Event "Prefeitura de São Paulo"]
[Site "Sao Paulo BRA"]
[Date "2006.11.19"]
[Round "11.4"]
[White "Diamant, Andre"]
[Black "Fier, Alexandr"]
[Result "0-1"]
[WhiteElo "2396"]
[BlackElo "2490"]
[PlyCount "48"]
[EventDate "2006.15.11"]
[EventType "tourn"]
[EventRounds "11"]
[EventCountry "BRA"]
[EventCategory "10"]
[Source "lmi"]
[SourceDate "2006.11.11"]

1. e4 c5 2. Nf3 Nc6 3. d4 cxd4 4. Nxd4 e5 5. Nb5 d6 6. c4 Be7 7. Bd3 Be6 8.
N1c3 a6 9. Na3 Bg5 10. O-O h6 11. Rb1 Nf6 12. b4 Bxc1 13. Qxc1 O-O 14. Rd1 Rc8
15. h3 Nd4 16. Qd2 Bxh3 17. Bf1 Bg4 18. Rdc1 Nh5 19. Qe3 Nf4 20. f3 Bxf3 21.
gxf3 Qg5+ 22. Kh1 Qh4+ 23. Kg1 Qg3+ 24. Kh1 Nxf3 0-1

[Event "Prefeitura de São Paulo"]
[Site "Sao Paulo BRA"]
[Date "2006.11.19"]
[Round "11.5"]
[White "El Debs, Felipe"]
[Black "Leitao, Rafael"]
[Result "0-1"]
[WhiteElo "2370"]
[BlackElo "2601"]
[PlyCount "64"]
[EventDate "2006.15.11"]
[EventType "tourn"]
[EventRounds "11"]
[EventCountry "BRA"]
[EventCategory "10"]
[Source "lmi"]
[SourceDate "2006.11.11"]

1. d4 Nf6 2. c4 e6 3. g3 d5 4. Nf3 Bb4+ 5. Bd2 Be7 6. Bg2 O-O 7. O-O c6 8. Qc2
b6 9. Rd1 Ba6 10. Ne5 Nfd7 11. b3 Nxe5 12. dxe5 Nd7 13. Bc3 Qc7 14. cxd5 cxd5
15. Qb2 Rac8 16. a4 Qb8 17. e4 Nc5 18. exd5 exd5 19. Bxd5 Rfd8 20. b4 Bc4 21.
bxc5 Bxd5 22. cxb6 Ba8 23. Rxd8+ Rxd8 24. Nd2 Qb7 25. f3 Bc5+ 26. Kf1 Rxd2 27.
Qxd2 Qxf3+ 28. Ke1 Qh1+ 29. Ke2 Qf3+ 30. Ke1 Bd5 31. Bd4 Bc4 32. Bf2 Qh1+ 0-1